000 00856nam a2200205Ia 4500
008 0000001990 sp a 0000000000spa00
090 _aPSP00 A42j
100 1 _aAleXanco, José Luis
_d1942
245 1 0 _aJosé Luis Alexanco
_b: una selección de pinturas realizadas entre 19861990
_c/ fotografías Melli Pérez Madero
300 _a22 p.
_c/ 34 cm.
500 _aExposición realizada en la Galería Nieves Fernández, Madrid, Noviembre, 1990 \ Con el patronazgo del maestro venezolano Jesús Rafael Soto (q.e.p.d.)
600 0 0 _aALEXANCO, JOSE LUIS, 1942/
_xTRABAJOS PICTORICOS
650 1 4 _aARTE CONTEMPORANEO ESPAÑOL
650 1 4 _xCATALOGOS
650 1 4 _xEXPOSICIONES
650 1 4 _aPINTORES ESPAÑOLES
650 1 4 _aPINTURA ESPAÑOLA
700 1 _aPérez Madero, Melli
999 _c2057
_d2057
260 _aMadrid : Galería Nieves Fernández
_c1990